Music Quiz

Random Music or Clickable Quiz
Score 0/50 Timer 06:00
1 Play Today
% Correct
Head
86.5%
Block
85%
Boi
84.2%
Lose
83.5%
Hot
82.7%
Clyde
82.6%
Miles
78.3%
By
77.5%
Mess
75.9%
Thing
67.4%
End
67.3%
Soak
66.6%
Moment
66.4%
Fight
65.9%
Days
65.4%
Wherever
65.4%
Thru
64.6%
Pill
63.8%
Time
63.2%
Hates
62.2%
Work
59.6%
Underneath
59.4%
Drama
53%
Like
52.8%
Full
52.8%
% Correct
Good
49.3%
Worth
47.1%
Wasting
47%
Whole
46.1%
Need
45.9%
Wanted
43.8%
Luv
43.7%
Gone
42.5%
Ma
40.5%
Game
39.9%
Gangsta
38.8%
Care
37.4%
Breath
34.6%
Call
33.8%
Light
33.8%
Friend
29.1%
Better
27%
Last
26.8%
Business
26.2%
Mansion
25.9%
Fly
20.1%
Trade
19.9%
Down
17.7%
Here
17.6%
Go
17%

You're not logged in!

Compare scores with friends on all Sporcle quizzes.
OR
Log In

Sporcle TV

Today on Sporcle TV


Watch our educational content, quiz creation guides, and fun videos on Sporcle TV.

Show Comments

Extras

Top Quizzes Today


Score Distribution

Paid Content

Your Account Isn't Verified!

In order to create a playlist on Sporcle, you need to verify the email address you used during registration. Go to your Sporcle Settings to finish the process.

Report this User

Report this user for behavior that violates our Community Guidelines.

Details: